000 00356nam a2200145Ia 4500
008 191201s2009 xx 000 0 und d
082 _a621.3104
_bRAE
100 _aRaju, G.S.N
245 0 _aElectromagnetic field theory and transmisson
250 _a3rd
260 _aN.Delhi
_bpearson
_c2009
300 _a584
650 _aB.Tech(ECE)
942 _2ddc
_cBK
999 _c3568
_d3568